KOHA-Header-6

Management (Record no. 8110)

000 -LEADER
fixed length control field 00221nam a2200109Ia 4500
020 ## - INTERNATIONAL STANDARD BOOK NUMBER
ISBN 9780071128926
100 ## - MAIN ENTRY--AUTHOR NAME
Personal name Heinz Weihrich
245 #0 - TITLE STATEMENT
Title Management
260 ## - PUBLICATION, DISTRIBUTION, ETC. (IMPRINT)
Place of publication USA
Name of publisher McGraw Hill
Year of publication 2002
300 ## - PHYSICAL DESCRIPTION
Number of Pages 878
942 ## - ADDED ENTRY ELEMENTS (KOHA)
Koha item type Books
Holdings
Withdrawn status Lost status Collection code Permanent Location Current Location Shelving location Date acquired Full call number Accession Number Koha item type
    Management MAJU MAJU   2019-09-13 658.8 2552 Management

Powered by Koha